Vitae pontificum romanorum (Registro nro. 164701)

Detalles MARC
000 -LEADER
campo de control de longitud fija 01027nam a2200253 i 4500
001 - NÚMERO DE CONTROL
campo de control 164701
003 - IDENTIFICADOR DE NÚMERO DE CONTROL
campo de control ES-MaACL
005 - FECHA Y HORA DE LA ÚLTIMA TRANSACCIÓN
campo de control 20230906213001.0
008 - DATOS DE LONGITUD FIJA--INFORMACIÓN GENERAL
campo de control de longitud fija 931025s1768 it |||| | lat d
040 ## - FUENTE DE CATALOGACIÓN
Centro catalogador/agencia de origen CYL
Lengua de catalogación spa
Centro/agencia transcriptor PAB
100 1# - ENTRADA PRINCIPAL--NOMBRE DE PERSONA
Nombre de persona Sandini, Antonio.
9 (RLIN) 132406
245 10 - MENCIÓN DEL TÍTULO
Título Vitae pontificum romanorum
Resto del título : ex antiquis monumentis descriptae /
Mención de responsabilidad, etc. opera et studio Antonii Sandini ... ; pars prima [- secunda].
250 ## - MENCION DE EDICION
Mención de edición Editio quinta italica post duas germanicas...
260 ## - PUBLICACIÓN, DISTRIBUCIÓN, ETC.
Lugar de publicación, distribución, etc. Venetiis :
Nombre del editor, distribuidor, etc. ex typographia Balleoniana,
Fecha de publicación, distribución, etc. 1768.
300 ## - DESCRIPCIÓN FÍSICA
Extensión [16], 254 p. [2] p. bl.; [2], 259-576 p. ;
Dimensiones 8º.
595 #1 -
-- Datos de ed. preceden a la información complementaria del título.
596 #1 - NOTA AL PIE DE IMPRENTA
NOTA AL PIE DE IMPRENTA Marca tip. en port.
597 #1 - NOTA DE DESCRIPCIÓN FÍSICA
NOTA DE DESCRIPCIÓN FÍSICA Sign.: *\p8\s, A-Q\p8\s; R-Z\p8\s, 2A-2N\p8\s.
597 #1 - NOTA DE DESCRIPCIÓN FÍSICA
NOTA DE DESCRIPCIÓN FÍSICA Apostillas marginales.
710 21 - ENTRADA AGREGADA--NOMBRE DE ENTIDAD CORPORATIVA
Nombre de entidad corporativa o nombre de jurisdicción como elemento de entrada Tipografia Balleoniana,
Término indicativo de función/relación
9 (RLIN) 224051
752 ## - ENTRADA AGREGADA--NOMBRE JERÁRQUICO DEL LUGAR
País o entidad superior Italia -
Ciudad Venecia
852 ## - LOCALIZACIÓN
Ubicación ES-MaACL
Número de control de estantería R-455
Nota libre -- Enc. perg.
condición física -- Sólo pars secunda
Signatura antigua --
Encuadernación Olim: D-5187
Existencias
Estatus retirado Estado de pérdida Estado de daño No para préstamo Colección Biblioteca de origen Biblioteca actual Ubicación en estantería Fecha de adquisición Fuente de adquisición Total de préstamos Signatura topográfica completa Código de barras Visto por última vez Precio de reemplazo Tipo de ítem Koha
        Libros del s. XVIII Biblioteca del Ateneo de Madrid Biblioteca del Ateneo de Madrid Depósito 17/01/2008     R-455 1172649 23/02/2023 23/02/2023 Libro impreso antiguo